| 000 | 00939nam a22003137a 4500 | ||
|---|---|---|---|
| 003 | CHAP | ||
| 005 | 20220329140600.0 | ||
| 008 | 971013s1975 r 00010 d | ||
| 010 | _a54276 | ||
| 011 | _a55248 | ||
| 035 | _a59400 | ||
| 040 | _cCHAP | ||
| 082 |
_a614.31 _bW5 1975 |
||
| 100 | 0 | 0 |
_aWilson, Andrew. _9122175 |
| 245 | _aPractical meat inspection | ||
| 250 | _a2 ed. | ||
| 260 |
_aOxford : _bBlackwell, _c1975 |
||
| 300 | _a236 p. | ||
| 590 |
_aBATCH-UPD _b10 _c20130110 _lUCH01 _h0943 |
||
| 590 |
_aBATCH-UPD _b10 _c20130410 _lUCH01 _h0558 |
||
| 590 |
_aBATCH-UPD _b10 _c20130914 _lUCH01 _h0338 |
||
| 590 |
_aCONVERSION _b10 _c20130109 _lUCH01 _h1329 |
||
| 650 | 1 | 4 |
_aAnimales domésticos _xAnatomía y fisiología. _95892 |
| 650 | 1 | 4 |
_aCarne _xInspección. _919087 |
| 650 | 1 | 4 |
_aGanado _xEnfermedades. _944909 |
| 901 | _aBK | ||
| 942 | _cLIBRO | ||
| 949 |
_a614.31 W5 1975 _bBC _cLIBRO _d33724000279808 _eLIBRO _h41601 _i59400 _mD _si |
||
| 999 |
_c54276 _d54276 |
||